NBA Jam Rosters - Statistics

General Stats
  • This quiz has been taken 9,440 times
  • The average score is 17 of 54
Answer Stats
Team Player % Correct
Chicago Bulls Scottie Pippen
72%
Charlotte Hornets Larry Johnson
66%
Phoenix Suns Kevin Johnson
65%
Detroit Pistons Isiah Thomas
62%
Utah Jazz Karl Malone
62%
Utah Jazz John Stockton
60%
New York Knicks Patrick Ewing
59%
San Antonio Spurs David Robinson
58%
Indiana Pacers Reggie Miller
56%
Charlotte Hornets Alonzo Mourning
53%
Golden State Warriors Tim Hardaway
53%
Phoenix Suns Charles Barkley
52%
Portland Trailblazers Clyde Drexler
51%
Houston Rockets Hakeem Olajuwon
51%
Atlanta Hawks Dominique Wilkins
50%
Seattle Supersonics Shawn Kemp
49%
Golden State Warriors Chris Mullin
41%
Chicago Bulls Horace Grant
39%
Washington Bullets Harvey Grant
38%
Detroit Pistons Bill Laimbeer
37%
Denver Nuggets Dikembe Mutombo
37%
Cleveland Cavaliers Mark Price
37%
New York Knicks John Starks
34%
Los Angeles Lakers James Worthy
31%
Boston Celtics Robert Parish
28%
Dallas Mavericks Jim Jackson
26%
Los Angeles Lakers Vlade Divac
25%
Orlando Magic Nick Anderson
24%
Seattle Supersonics Detlef Schrempf
23%
New Jersey Nets Kenny Anderson
23%
Cleveland Cavaliers Brad Daugherty
21%
Boston Celtics Dee Brown
21%
Sacramento Kings Mitch Richmond
21%
San Antonio Spurs Sean Elliot
19%
Portland Trailblazers Terry Porter
19%
Dallas Mavericks Derek Harper
18%
Los Angeles Clippers Ron Harper
18%
New Jersey Nets Derrick Coleman
16%
Orlando Magic Scott Skiles
15%
Houston Rockets Vernon Maxwell
14%
Minnesota Timberwolves Christian Laettner
13%
Los Angeles Clippers Danny Manning
13%
Denver Nuggets LaPhonso Ellis
13%
Miami Heat Rony Seikaly
13%
Philadelphia 76ers Jeff Hornacek
10%
Minnesota Timberwolves Chuck Person
9%
Atlanta Hawks Stacey Augmon
9%
Washington Bullets Tom Gugliotta
9%
Miami Heat Harold Miner
8%
Milwaukee Bucks Blue Edwards
7%
Philadelphia 76ers Clarence Weatherspoon
7%
Milwaukee Bucks Brad Lohaus
6%
Indiana Pacers Derrick McKey
6%
Sacramento Kings Wayman Tisdale
6%
No matching quizzes found
Score Distribution
Percent of People with Each Score
Percentile by Number Answered
Your Score History
You have not taken this quiz